00599 2200229 4500001002100000005001700021008004100038020001800079035002400097082000800121090001500129100001800144245003400162260005900196300002200255650003000277850001200307980001400319985000600333999001500339990001500354YOGYA-0209000005250420090227032955.0 ind  a979-459-716-3 0010-020900000052504 a811 a811bKaw S aKAWI, Jantera aSyair teja dewacJantera Kawi aJakartabPusat pembinaan dan pengembangan bahasac1997 av, 101 hlmc21 cm aBahasa Indonesia - Sanjak aYOPDYOG a1-12-2007 a1 a98A0029703 a29703-A/98